Financovanie cestovného ruchu z verejných zdrojov - prípady vybraných krajín bakalárska práca

Salvato in:
Dettagli Bibliografici
Autore principale: Drako, Samuel
Ente Autore: Národohospodárska fakulta EU. Katedra financií
Altri autori: Tomčiková, Michaela
Natura: Libro
Lingua:slovacco
Pubblicazione: Bratislava 2017
Tags: Aggiungi Tag
Nessun Tag, puoi essere il primo ad aggiungerne!!

MARC

LEADER 00000nbm a2200000 4500
001 0233832
005 20190206121720.1
041 0 |a slo 
044 |a SK 
245 1 0 |a Financovanie cestovného ruchu z verejných zdrojov - prípady vybraných krajín  |b bakalárska práca  |c Samuel Drako ; Michaela Tomčíková 
264 1 |a Bratislava  |c 2017 
300 |a 40 s. 
100 1 |a Drako, Samuel 
700 1 |a Tomčiková, Michaela 
710 2 |a Národohospodárska fakulta EU. Katedra financií